000
00279nam a22001217a 4500
082
_a
658.5 ]SAU'F
100
_a
SAUNDERS, N. F. T
_9
58481
245
_a
FACTORY ORGANIZATION AND MANAGEMENT
250
_a
3RD
260
_a
LONDON
_b
SIR ISAAC
_c
1961
300
_a
195P
942
_c
BK
999
_c
568675
_d
568675